000 00706nam a2200241 i 4500
001 C2-0302209
003 PPAK
005 20180728083305.0
008 100113s2006 mdu |||| ||||| | eng d
020 _a1424127955
040 _aPPAK
_beng
_cPPAK
_erda
082 0 4 _a371.90973
_223
090 0 0 _a371.90973
_bBAI
_dLCK
100 1 _aBailey, Michael T.,
_eauthor
245 1 0 _aSpecial education
_bA parent's guide for a child's success
264 1 _aBaltimore, Maryland :
_bPublish America ,
_c2006
300 _a253 pages ;
_c23 cm
336 _2rdacontent
_atext
337 _2rdamedia
_aunmediated
338 _2rdacarrier
_avolume
650 1 0 _aSpecial education United States.
942 _ddc
_cB
999 _c105880
_d105880